000 00622nam a2200217Ia 4500
003 OSt
005 20220926004302.0
006 a|||||r|||| 00| 0
007 ta
008 220923b |||||||| |||| 00| 0 eng d
037 _cGeneral Book
040 _aRTL
_cRTL
_beng
041 _2eng
_aeng
082 _aW,31m2,N7, L3.86-1
110 _aRAJYA SABHA DEBATES
_9308743
245 0 _aRajya sabha debates
_b A report
260 _a New Delhi
_bRajya sabha secretariat
_c1973
700 _aRAJYA SABHA DEBATES
_9308744
942 _hW,31m2,N7, L3.86-1
_cGB
_2CC
999 _c610555
_d610555